ARRUPE JESUIT UNIVERSITY

CORONAVIRUS -STOP THE SPREAD - CLEAN,DISINFECT,COVER

The ultimate French review and practice : (Record no. 128645)

MARC details
000 -LEADER
fixed length control field 01497cam a2200349 a 4500
001 - CONTROL NUMBER
control field 11768072
003 - CONTROL NUMBER IDENTIFIER
control field ARRUPE
005 - DATE AND TIME OF LATEST TRANSACTION
control field 20181123125216.0
008 - FIXED-LENGTH DATA ELEMENTS--GENERAL INFORMATION
fixed length control field 990723s1999 ilu 001 0 eng
010 ## - LIBRARY OF CONGRESS CONTROL NUMBER
LC control number 99042641
020 ## - INTERNATIONAL STANDARD BOOK NUMBER
International Standard Book Number 0658000748 (pbk.)
035 ## - SYSTEM CONTROL NUMBER
System control number (DLC) 99042641
040 ## - CATALOGING SOURCE
Original cataloging agency DLC
Transcribing agency DLC
Modifying agency DLC
041 0# - LANGUAGE CODE
Language code of text/sound track or separate title engfre
042 ## - AUTHENTICATION CODE
Authentication code pcc
050 00 - LIBRARY OF CONGRESS CALL NUMBER
Classification number PC129.E5
Item number S57 1999
082 00 - DEWEY DECIMAL CLASSIFICATION NUMBER
Classification number 448.2/421
Edition number 21
300 ## - PHYSICAL DESCRIPTION
Dimensions 26 cm.
100 1# - MAIN ENTRY--PERSONAL NAME
Personal name Stillman, David M.
9 (RLIN) 43634
245 14 - TITLE STATEMENT
Title The ultimate French review and practice :
Remainder of title mastering French grammar for confident communication /
Statement of responsibility, etc David M. Stillman, Ronni L. Gordon.
260 ## - PUBLICATION, DISTRIBUTION, ETC. (IMPRINT)
Place of publication, distribution, etc Lincolnwood, Ill. :
Name of publisher, distributor, etc Passport Books,
Date of publication, distribution, etc c1999.
300 ## - PHYSICAL DESCRIPTION
Extent xii, 436 p.
500 ## - GENERAL NOTE
General note Includes index.
650 #0 - SUBJECT ADDED ENTRY--TOPICAL TERM
Topical term or geographic name as entry element French language
Form subdivision Textbooks for foreign speakers
General subdivision English.
9 (RLIN) 43635
650 #0 - SUBJECT ADDED ENTRY--TOPICAL TERM
Topical term or geographic name as entry element French language
General subdivision Grammar.
9 (RLIN) 20163
700 1# - ADDED ENTRY--PERSONAL NAME
Personal name Gordon, Ronni L.
9 (RLIN) 43636
856 42 - ELECTRONIC LOCATION AND ACCESS
Materials specified Publisher description
Uniform Resource Identifier <a href="http://www.loc.gov/catdir/description/mh023/99042641.html">http://www.loc.gov/catdir/description/mh023/99042641.html</a>
856 41 - ELECTRONIC LOCATION AND ACCESS
Materials specified Table of contents only
Uniform Resource Identifier <a href="http://www.loc.gov/catdir/enhancements/fy0661/99042641-t.html">http://www.loc.gov/catdir/enhancements/fy0661/99042641-t.html</a>
856 42 - ELECTRONIC LOCATION AND ACCESS
Materials specified Contributor biographical information
Uniform Resource Identifier <a href="http://www.loc.gov/catdir/enhancements/fy0735/99042641-b.html">http://www.loc.gov/catdir/enhancements/fy0735/99042641-b.html</a>
906 ## - LOCAL DATA ELEMENT F, LDF (RLIN)
a 7
b cbc
c orignew
d 1
e ocip
f 19
g y-gencatlg
942 ## - ADDED ENTRY ELEMENTS (KOHA)
Source of classification or shelving scheme Library of Congress Classification
Koha item type Monograph ( Printed materials)
Holdings
Withdrawn status Lost status Source of classification or shelving scheme Damaged status Not for loan Collection code Home library Current library Shelving location Date acquired Total Checkouts Full call number Barcode Date last seen Date checked out Price effective from Koha item type
    Library of Congress Classification     Main Collection ARRUPE LIBRARY ARRUPE LIBRARY Main Collection 23/11/2018 1 PC129.E5 S57 1999 46600002649 23/04/2019 11/04/2019 23/11/2018 Monograph ( Printed materials)

 

Arrupe Library. PO Box MP320 Mt Pleasant, Harare, Zimbabwe
263 242 745411|librarian@aju.ac.zw